[Event "Parla 25 Jubilee op"]
[Site "Parla"]
[Date "2008.09.13"]
[Round "8"]
[White "Tsebrovskyy, Roman"]
[Black "Alcazar Mata, Jesus"]
[Result "1/2-1/2"]
[WhiteElo "1863"]
[BlackElo "1631"]
[PlyCount "33"]
[EventDate "2008.09.06"]
[EventType "swiss"]
[EventRounds "9"]
[EventCountry "ESP"]
[SourceTitle "CBM 126 Extra"]
[Source "ChessBase"]
[SourceDate "2008.11.05"]
[SourceVersion "1"]
[SourceVersionDate "2008.11.05"]
[SourceQuality "1"]

1. e4 e5 2. Nf3 Nc6 3. Bb5 a6 4. Ba4 Nf6 5. d4 Nxd4 6. Nxd4 exd4 7. e5 Ne4 8. Qg4 f5 9. exf6 Nxf6 10. Qxd4 c5 11. Qe3+ Qe7 12. c4 Qxe3+ 13. Bxe3 Be7 14. Nc3 0-0 15. f3 d6 16. Bc2 Be6 17. b3 1/2-1/2

[Event "Parla 25 Jubilee op"]
[Site "Parla"]
[Date "2008.09.08"]
[Round "3"]
[White "Tirado Parra, Alberto"]
[Black "Alcazar Mata, Jesus"]
[Result "1-0"]
[WhiteElo "1983"]
[BlackElo "1631"]
[PlyCount "49"]
[EventDate "2008.09.06"]
[EventType "swiss"]
[EventRounds "9"]
[EventCountry "ESP"]
[SourceTitle "CBM 126 Extra"]
[Source "ChessBase"]
[SourceDate "2008.11.05"]
[SourceVersion "1"]
[SourceVersionDate "2008.11.05"]
[SourceQuality "1"]

1. e4 e5 2. Nf3 Nc6 3. Bc4 Nf6 4. d4 exd4 5. e5 d5 6. Bb5 Ne4 7. Nxd4 Bd7 8. Bxc6 Bxc6 9. 0-0 Be7 10. Be3 0-0 11. Nd2 Bg5 12. f4 Nxd2 13. Qxd2 Be7 14. f5 Bd7 15. Rf3 c5 16. Bh6 Qb6 17. Bxg7 Kxg7 18. f6+ Kh8 19. fxe7 Rg8 20. Nf5 Qg6 21. Nh6 Rg7 22. Raf1 Be6 23. Rf6 Qg5 24. Qxg5 Rxg5 25. Rxe6 1-0